000
00342nam a2200157Ia 4500
100
_a
Shanley/Tom/ Anderson Don
250
_a
3
942
_c
BK
654
_a
computer
245
_a
ISA Systems Architecture
260
_b
Addison Wesley Pub
_a
New york
_c
1995
082
_a
4.62
_b
SHA
300
_a
517
546
_a
ENGLISH
999
_c
19283
_d
19283